MARC

LEADER 00000nam0a2200000 4500
001 285932
005 20231101235837.0
020 |a RU  |b 85-36217 
035 |a (RuTPU)RU\TPU\book\310219 
090 |a 285932 
100 |a 20150302d1985 km y0rusy5003 ca 
101 0 |a rus 
102 |a RU 
105 |a y g 001zy 
200 1 |a Справочник сметчика по электрическим сетям  |f Г. Д. Гофман 
210 |a Москва  |c Энергоатомиздат  |d 1985 
215 |a 128 с. 
606 1 |a Электрические сети  |x Технико-экономические расчеты  |2 stltpush  |3 (RuTPU)RU\TPU\subj\27430  |9 51190 
610 1 |a постройка 
610 1 |a сметы 
610 1 |a сметная документация 
610 1 |a воздушные линии электропередачи 
610 1 |a понижающие подстанции 
610 1 |a расчеты 
610 1 |a справочники 
675 |a 621.311.1.:658(035.5)  |z rus  |v 3 
700 1 |a Гофман  |b Г. Д.  |g Георгий Давыдович  |4 070 
801 0 |a RU  |b RuMRKP  |c 19950704  |g psbo 
801 1 |a RU  |b 63413507  |c 20150302 
801 2 |a RU  |b 63413507  |c 20151005  |g RCR 
942 |c BK